Pretextos y contextos del derecho de ser jovenes: derechos juveniles V región 1997
Saved in:
| Hovedforfatter: | |
|---|---|
| Format: | Bog |
| Sprog: | spansk |
| Udgivet: |
Viña del Mar
CIDPA
1997
|
| Fag: | |
| Tags: |
Tilføj Tag
Ingen Tags, Vær først til at tagge denne postø!
|
MARC
| LEADER | 00000nam a2200000 a 4500 | ||
|---|---|---|---|
| 001 | UCR7015 | ||
| 003 | CL-VaPUC | ||
| 008 | 980430e19970000CL |||||||||||||||||spa|d | ||
| 082 | 0 | 4 | |a 305.23 |b DAV |2 21 |
| 100 | 0 | |a Dávila, Oscar L |e author |9 408257 | |
| 245 | 1 | 0 | |a Pretextos y contextos del derecho de ser jovenes: derechos juveniles V región 1997 |
| 300 | |a 225 p | ||
| 942 | |c BK | ||
| 945 | |d 19980430 00:00:00 |a rbrito | ||
| 260 | |a Viña del Mar |b CIDPA |c 1997 | ||
| 650 | 0 | |a Jóvenes |9 326981 | |
| 650 | 0 | |a Condiciones sociales |9 257278 | |
| 650 | 0 | |a Derechos de la mujer |9 257074 | |
| 650 | 0 | |a Pobreza |9 258652 | |
| 650 | 0 | |a Derechos humanos |9 223025 | |
| 650 | 7 | |a DETENCION POR SOSPECHA |2 CL-VaPUC |9 408258 | |
| 651 | 7 | |a CHILE |2 CL-VaPUC |9 408259 | |
| 583 | |a last modification |c 19980430 00:00:00 |k Rodrigo Vera | ||
| 999 | |c 268872 |d 268870 | ||
| 952 | |0 0 |1 0 |4 0 |6 305_230000000000000_DAV_1997 |7 0 |8 A |9 302318 |a BIBGIM |b BIBGIM |d 2019-11-20 |i 339087K |o 305.23 DAV 1997 |p 339087K |r 2025-01-15 |w 2019-11-20 |y BK |k SSL | ||
| 952 | |0 0 |1 0 |4 0 |6 305_230000000000000_DAV_1997 |7 0 |8 A |9 302319 |a BIBGIM |b BIBGIM |d 2019-11-20 |i 3390888 |o 305.23 DAV 1997 |p 3390888 |r 2025-01-15 |w 2019-11-20 |y BK |k GIM | ||
| 952 | |0 0 |1 0 |4 0 |6 305_230000000000000_DAV_1997 |7 0 |8 A |9 302320 |a BIBTEO |b BIBTEO |d 2019-11-20 |i 3390896 |o 305.23 DAV 1997 |p 3390896 |r 2025-01-17 |w 2019-11-20 |y BK |k ICR | ||
| 952 | |0 0 |1 0 |4 0 |6 305_230000000000000_DAV_1997 |7 0 |8 A |9 302321 |a BIBEDU |b BIBEDU |d 2019-11-20 |i 339090K |o 305.23 DAV 1997 |p 339090K |r 2019-11-20 |w 2019-11-20 |y BK |k EDU | ||
| 952 | |0 0 |1 0 |4 0 |6 305_230000000000000_DAV_1997 |7 0 |8 A |9 302322 |a BIBDER |b BIBDER |d 2019-11-20 |i 3390918 |o 305.23 DAV 1997 |p 3390918 |r 2023-01-25 |w 2019-11-20 |y BK |k DER | ||
| 952 | |0 0 |1 0 |4 0 |6 305_230000000000000_DAV_1997 |7 0 |8 A |9 302323 |a BIBEDU |b BIBEDU |d 2019-11-20 |i 3391035 |o 305.23 DAV 1997 |p 3391035 |r 2019-11-20 |w 2019-11-20 |y BK |k EDU | ||
| 952 | |0 0 |1 0 |4 0 |6 305_230000000000000_DAV_1997 |7 0 |8 A |9 302324 |a BIBEDU |b BIBEDU |d 2019-11-20 |i 3580199 |o 305.23 DAV 1997 |p 3580199 |r 2019-11-20 |w 2019-11-20 |y BK |k BME | ||